<?xml version="1.0" encoding="UTF-8"?>
<record
    xmlns:xsi="http://www.w3.org/2001/XMLSchema-instance"
    xsi:schemaLocation="http://www.loc.gov/MARC21/slim http://www.loc.gov/standards/marcxml/schema/MARC21slim.xsd"
    xmlns="http://www.loc.gov/MARC21/slim">

  <leader>00777nam a22002297a 4500</leader>
  <controlfield tag="003">OSt</controlfield>
  <controlfield tag="005">20160728152814.0</controlfield>
  <controlfield tag="008">160728s2014    spc||||  |||| 001 0dspa|d</controlfield>
  <datafield tag="017" ind1=" " ind2=" ">
    <subfield code="a">DL B 23567-2014</subfield>
  </datafield>
  <datafield tag="020" ind1=" " ind2=" ">
    <subfield code="a">9788423348749</subfield>
  </datafield>
  <datafield tag="040" ind1=" " ind2=" ">
    <subfield code="b">cat</subfield>
    <subfield code="c">CDMR</subfield>
  </datafield>
  <datafield tag="100" ind1="1" ind2=" ">
    <subfield code="a">Pla, Josep</subfield>
    <subfield code="d">1897-1981</subfield>
    <subfield code="9">827</subfield>
  </datafield>
  <datafield tag="245" ind1="1" ind2="3">
    <subfield code="a">La vida lenta</subfield>
    <subfield code="b">: notes per tres diaris (1956, 1957 y 1964) </subfield>
    <subfield code="c">Josep Pla ; edici&#xF3; i pr&#xF2;leg de Xavier Pla </subfield>
  </datafield>
  <datafield tag="260" ind1=" " ind2=" ">
    <subfield code="a">Barcelona :</subfield>
    <subfield code="b">Destino,</subfield>
    <subfield code="c">2014</subfield>
  </datafield>
  <datafield tag="300" ind1=" " ind2=" ">
    <subfield code="a">379 p. ;</subfield>
    <subfield code="c">23 cm</subfield>
  </datafield>
  <datafield tag="500" ind1=" " ind2=" ">
    <subfield code="a">Notes. &#xCD;ndex</subfield>
  </datafield>
  <datafield tag="600" ind1="1" ind2="4">
    <subfield code="a">Pla, Josep</subfield>
    <subfield code="d">1897-1981</subfield>
    <subfield code="x">Diaris &#xED;ntims</subfield>
    <subfield code="9">827</subfield>
  </datafield>
  <datafield tag="650" ind1="1" ind2="7">
    <subfield code="a">Escriptors catalans</subfield>
    <subfield code="y">S. XX</subfield>
    <subfield code="x">Diaris &#xED;ntims</subfield>
    <subfield code="2">lemac</subfield>
    <subfield code="9">3291</subfield>
  </datafield>
  <datafield tag="650" ind1="1" ind2="7">
    <subfield code="a">Periodistes catalans</subfield>
    <subfield code="y">S. XX</subfield>
    <subfield code="x">Diaris &#xED;ntims</subfield>
    <subfield code="2">lemac</subfield>
    <subfield code="9">4</subfield>
  </datafield>
  <datafield tag="700" ind1="1" ind2=" ">
    <subfield code="a">Pla, Xavier</subfield>
    <subfield code="d">1966-</subfield>
    <subfield code="e">ed.</subfield>
    <subfield code="9">3655</subfield>
  </datafield>
  <datafield tag="942" ind1=" " ind2=" ">
    <subfield code="c">MON</subfield>
  </datafield>
  <datafield tag="999" ind1=" " ind2=" ">
    <subfield code="c">6957</subfield>
    <subfield code="d">6957</subfield>
  </datafield>
  <datafield tag="952" ind1=" " ind2=" ">
    <subfield code="0">0</subfield>
    <subfield code="1">0</subfield>
    <subfield code="4">0</subfield>
    <subfield code="7">0</subfield>
    <subfield code="a">CDMR</subfield>
    <subfield code="b">CDMR</subfield>
    <subfield code="d">2016-07-28</subfield>
    <subfield code="e">Intercanvi</subfield>
    <subfield code="g">21.00</subfield>
    <subfield code="l">1</subfield>
    <subfield code="o">Du 1/111</subfield>
    <subfield code="p">CDMR16070020</subfield>
    <subfield code="r">2021-02-17</subfield>
    <subfield code="s">2020-10-16</subfield>
    <subfield code="v">21.00</subfield>
    <subfield code="w">2016-07-28</subfield>
    <subfield code="y">MON</subfield>
  </datafield>
</record>
